Statistics for East Asian Country High Points

Click here to take the quiz!

General Stats

  • This quiz has been taken 9 times
  • The average score is 7 of 16

Answer Stats

Japan Answer % Correct
JapanMount Fuji
100%
ChinaMount Everest
75%
TaiwanJade Mountain/Yushan
50%
MalaysiaKota Kinabalu
50%
South KoreaHallasan
38%
North KoreaPaektu-san
38%
VietnamFan Si Pan
38%
LaosPhou Bia
38%
MyanmarHkakabo Razi
38%
ThailandDoi Inthanon
38%
CambodiaPhnom Aural
38%
SingaporeBukit Timah Hill
38%
IndonesiaPunjak Jaya
38%
East TimorFoho Tatamailau
38%
BruneiBukit Pagon
25%
PhilipinesMount Apo
25%

Score Distribution

Percentile by Number Answered

Percent of People with Each Score

Your Score History

You have not taken this quiz